Statistics for Largest Deserts

Click here to take the quiz!

General Stats

  • This quiz has been taken 1,876 times
  • The average score is 6 of 20

Answer Stats

Area (km2)TypeDesert% Correct
9.10 millionSubtropicalSahara
99%
1.30 millionCold WinterGobi
86%
13.8 millionPolarAntarctic
77%
13.7 millionPolarArctic
68%
0.90 millionSubtropicalKalahari
62%
2.3 3millionSubtropicalArabian
44%
0.65 millionSubtropicalGreat Victoria
19%
0.40 millionSubtropicalGreat Sandy
18%
0.31 millionSubtropicalSonoran
18%
0.49 millionCold WinterGreat Basin
16%
0.67 millionCold WinterPatagonian
16%
0.52 millionSubtropicalSyrian
15%
0.20 millionSubtropicalThar
15%
0.45 millionSubtropicalChihuahuan
14%
0.27 millionCold WinterTaklamakan
13%
0.15 millionSubtropicalSimpson
12%
0.35 millionCold WinterKarakum
11%
0.16 millionSubtropicalGibson
10%
0.34 millionCold WinterColorado Plateau
8%
0.30 millionCold WinterKyzyl Kum
7%

Score Distribution

Percentile by Number Answered

Percent of People with Each Score

Your Score History

You have not taken this quiz